[Event "SVK-Cup13 G3 corr"]
[Site "Slovakia"]
[Date "2003.03.24"]
[Round "31"]
[White "Moravec, Milan"]
[Black "Bruncko, Pavol"]
[Result "1-0"]
[WhiteElo "1907"]
[BlackElo "1789"]
[PlyCount "47"]
[EventDate "2002.02.01"]
[EventType "tourn (corr)"]
[EventRounds "12"]
[EventCountry "SVK"]
[SourceTitle "Corr 2006"]
[Source "ChessBase"]
[SourceDate "2006.04.01"]
[SourceVersion "3"]
[SourceVersionDate "2006.04.01"]
[SourceQuality "1"]

1. d4 Nf6 2. c4 e6 3. Nc3 Bb4 4. e3 c5 5. Nge2 Nc6 6. a3 Bxc3+ 7. Nxc3 cxd4 8. exd4 d5 9. c5 a6 10. b4 b5 11. Bf4 Ne7 12. Bd3 Ng6 13. Bd6 Ne7 14. 0-0 0-0 15. a4 bxa4 16. Rxa4 Bb7 17. Qe2 Ne8 18. Bxe7 Qxe7 19. Bxa6 Rxa6 20. Rxa6 Bxa6 21. Qxa6 Nc7 22. Qb7 Rd8 23. Nb5 Nxb5 24. Qxe7 1-0

[Event "SVK-Cup13 G3 corr"]
[Site "Slovakia"]
[Date "2003.01.03"]
[Round "37"]
[White "Bruncko, Pavol"]
[Black "Frcka, Marian"]
[Result "0-1"]
[WhiteElo "1789"]
[BlackElo "1708"]
[PlyCount "82"]
[EventDate "2002.02.01"]
[EventType "tourn (corr)"]
[EventRounds "12"]
[EventCountry "SVK"]
[SourceTitle "Corr 2006"]
[Source "ChessBase"]
[SourceDate "2006.04.01"]
[SourceVersion "3"]
[SourceVersionDate "2006.04.01"]
[SourceQuality "1"]

1. e4 d6 2. d4 g6 3. Nc3 Bg7 4. f4 Nf6 5. Nf3 0-0 6. Bd3 Nc6 7. h3 Re8 8. Be3 e5 9. d5 exf4 10. Bxf4 Nb4 11. 0-0 c6 12. a3 Nh5 13. Bh2 Nxd3 14. Qxd3 Qb6+ 15. Kh1 Qxb2 16. Ne2 Qb6 17. Rab1 Qc7 18. dxc6 Qxc6 19. Rb4 Be5 20. Nxe5 dxe5 21. Rc4 Qe6 22. Rc7 f6 23. Rd1 a5 24. Qd8 Ra6 25. Qd5 Qxd5 26. Rxd5 Be6 27. Rd3 Rb8 28. Nc1 Ng7 29. Nb3 Ne8 30. Rc5 a4 31. Nd2 Rd6 32. Nc4 Bxc4 33. Rxc4 Rxd3 34. cxd3 Rd8 35. Rxa4 Rxd3 36. Ra8 Kf7 37. Bg1 Rc3 38. Ra7 Nd6 39. Ra4 Ke6 40. Bf2 Kd7 41. Ra8 Nxe4 0-1

[Event "SVK-ch op 06th corr"]
[Site "Slovakia"]
[Date "2002.??.??"]
[Round "?"]
[White "Bruncko, Pavol"]
[Black "Podmanicky, Pavol"]
[Result "0-1"]
[WhiteElo "1579"]
[BlackElo "1600"]
[PlyCount "50"]
[EventDate "2002.12.15"]
[EventType "tourn (corr)"]
[EventRounds "8"]
[EventCountry "SVK"]
[SourceTitle "Corr 2008"]
[Source "ChessBase"]
[SourceDate "2008.06.24"]
[SourceVersion "1"]
[SourceVersionDate "2008.06.24"]
[SourceQuality "1"]

1. d4 Nf6 2. Nf3 d5 3. c4 dxc4 4. Qa4+ c6 5. Qxc4 Bg4 6. Nbd2 Nbd7 7. e4 Bxf3 8. gxf3 e5 9. Nb3 a5 10. a4 Bb4+ 11. Bd2 Bxd2+ 12. Nxd2 Nb6 13. Qd3 exd4 14. Nb3 0-0 15. Qxd4 Qc7 16. Qc5 Rfe8 17. Qg5 Re5 18. Qe3 Nfd5 19. Qd2 Nb4 20. Nxa5 Qe7 21. Nc4 Nxc4 22. Bxc4 Rxe4+ 23. Be2 Re6 24. 0-0-0 Rxe2 25. Rhe1 Qc5+ 0-1

[Event "SVK-ch op 06th corr"]
[Site "Slovakia"]
[Date "2002.??.??"]
[Round "?"]
[White "Bystricky, Kamil"]
[Black "Bruncko, Pavol"]
[Result "0-1"]
[WhiteElo "1554"]
[BlackElo "1579"]
[PlyCount "92"]
[EventDate "2002.12.15"]
[EventType "tourn (corr)"]
[EventRounds "8"]
[EventCountry "SVK"]
[SourceTitle "Corr 2008"]
[Source "ChessBase"]
[SourceDate "2008.06.24"]
[SourceVersion "1"]
[SourceVersionDate "2008.06.24"]
[SourceQuality "1"]

1. e4 e6 2. d4 d5 3. exd5 exd5 4. c4 c6 5. cxd5 cxd5 6. Bb5+ Bd7 7. Qe2+ Qe7 8. Nc3 Qxe2+ 9. Ngxe2 Ne7 10. 0-0 Nbc6 11. Bf4 Rc8 12. Rad1 a6 13. Bd3 Be6 14. Bc2 f6 15. Be3 g5 16. f4 g4 17. f5 Bf7 18. a3 Bg7 19. b4 0-0 20. b5 axb5 21. Nxb5 Na5 22. Bd3 Nc4 23. Bf4 Rc6 24. Rc1 Nc8 25. Bxc4 Rxc4 26. Nd6 Nxd6 27. Bxd6 Re8 28. Rxc4 dxc4 29. Nc3 Bf8 30. Bxf8 Kxf8 31. Rd1 Rd8 32. Kf2 Ke7 33. Ke3 Be8 34. h4 h5 35. Nd5+ Rxd5 36. Rb1 Rb5 37. Rc1 Rb3+ 38. Kd2 Bf7 39. a4 Ra3 40. Rb1 Bd5 41. Rb4 Ra2+ 42. Kc3 Rxg2 43. Rb5 Rg3+ 44. Kb4 Rb3+ 45. Kc5 Rxb5+ 46. Kxb5 c3 0-1

[Event "SVK-ch op 06th corr"]
[Site "Slovakia"]
[Date "2002.??.??"]
[Round "?"]
[White "Dzugan, Pavol"]
[Black "Bruncko, Pavol"]
[Result "1-0"]
[WhiteElo "1653"]
[BlackElo "1579"]
[PlyCount "53"]
[EventDate "2002.12.15"]
[EventType "tourn (corr)"]
[EventRounds "8"]
[EventCountry "SVK"]
[SourceTitle "Corr 2008"]
[Source "ChessBase"]
[SourceDate "2008.06.24"]
[SourceVersion "1"]
[SourceVersionDate "2008.06.24"]
[SourceQuality "1"]

1. e4 e6 2. d4 d5 3. e5 c5 4. c3 Nc6 5. Nf3 Qb6 6. a3 cxd4 7. cxd4 Nge7 8. b4 Nf5 9. Bb2 Be7 10. Bd3 Ncxd4 11. Bxd4 Nxd4 12. Nxd4 Bd7 13. Qg4 g6 14. Ne2 f6 15. Bxg6+ hxg6 16. Qxg6+ Kd8 17. exf6 Bd6 18. Qg7 Kc7 19. Nd2 Rad8 20. f7 Kb8 21. Nf3 Qc7 22. Rc1 Qb6 23. 0-0 Bc6 24. Ned4 Bd7 25. g3 Ka8 26. Rfe1 Be7 27. f8Q 1-0

[Event "SVK-ch op 06th corr"]
[Site "Slovakia"]
[Date "2002.??.??"]
[Round "?"]
[White "Podmanicky, Pavol"]
[Black "Bruncko, Pavol"]
[Result "1-0"]
[WhiteElo "1600"]
[BlackElo "1579"]
[PlyCount "59"]
[EventDate "2002.12.15"]
[EventType "tourn (corr)"]
[EventRounds "8"]
[EventCountry "SVK"]
[SourceTitle "Corr 2008"]
[Source "ChessBase"]
[SourceDate "2008.06.24"]
[SourceVersion "1"]
[SourceVersionDate "2008.06.24"]
[SourceQuality "1"]

1. d4 f5 2. Bf4 Nf6 3. e3 e6 4. Be2 Be7 5. Nh3 d6 6. 0-0 Nc6 7. Nc3 e5 8. dxe5 dxe5 9. Bg3 Bd6 10. Ng5 Ng4 11. h4 h6 12. Nge4 a6 13. Nxd6+ cxd6 14. Bxg4 fxg4 15. Qd3 0-0 16. Rfd1 Rf6 17. Ne4 Re6 18. Nxd6 Qf6 19. Qc4 Kh8 20. Nxc8 Rxc8 21. Qxg4 Rd8 22. Rxd8+ Nxd8 23. Rd1 Rd6 24. Rxd6 Qxd6 25. Qf5 Nc6 26. Qc8+ Kh7 27. Qxb7 Qd1+ 28. Kh2 Qxc2 29. Qxa6 Nb4 30. Qe6 1-0

[Event "SVK-ch I137 corr"]
[Site "Slovakia"]
[Date "2001.??.??"]
[Round "?"]
[White "Bruncko, Pavol"]
[Black "Roth, Peter1"]
[Result "0-1"]
[WhiteElo "1789"]
[BlackElo "1837"]
[PlyCount "78"]
[EventDate "2001.??.??"]
[EventType "tourn (corr)"]
[EventRounds "12"]
[EventCountry "SVK"]
[SourceTitle "Corr 2002"]
[Source "ChessBase"]
[SourceDate "2002.05.23"]
[SourceVersion "1"]
[SourceVersionDate "2002.05.23"]
[SourceQuality "1"]

1. e4 Nf6 2. Nf3 Nxe4 3. d3 Nf6 4. c4 Nc6 5. Be2 e6 6. Bg5 Be7 7. 0-0 0-0 8. Nc3 h6 9. Be3 d5 10. Nd4 Nxd4 11. Bxd4 c5 12. Be5 Nd7 13. Bg3 Nb6 14. f4 Bd7 15. Qc2 Bh4 16. Bf2 Bxf2+ 17. Rxf2 Bc6 18. b3 Re8 19. Re1 Qf6 20. Bf3 Qd4 21. Ne2 Qe3 22. Qb1 Rab8 23. Rd1 e5 24. cxd5 Bxd5 25. Bxd5 Nxd5 26. fxe5 Qxe5 27. d4 cxd4 28. Qd3 Ne3 29. Rd2 Ng4 30. Rf4 Qxf4 31. Nxf4 Re1+ 32. Qf1 Rxf1+ 33. Kxf1 Rd8 34. h3 Ne3+ 35. Kf2 Rd6 36. Kg1 Nf5 37. Ne2 h5 38. g4 hxg4 39. hxg4 Rg6 0-1

[Event "SVK-ch I137 corr"]
[Site "Slovakia"]
[Date "2001.??.??"]
[Round "?"]
[White "Bruncko, Pavol"]
[Black "Zitnar, Imrich"]
[Result "0-1"]
[WhiteElo "1789"]
[BlackElo "1817"]
[PlyCount "40"]
[EventDate "2001.??.??"]
[EventType "tourn (corr)"]
[EventRounds "12"]
[EventCountry "SVK"]
[SourceTitle "Corr 2002"]
[Source "ChessBase"]
[SourceDate "2002.05.23"]
[SourceVersion "1"]
[SourceVersionDate "2002.05.23"]
[SourceQuality "1"]

1. e4 e5 2. Nf3 Nc6 3. Bb5 a6 4. Bxc6 dxc6 5. 0-0 f6 6. h3 Bc5 7. Nc3 Ne7 8. d3 0-0 9. Re1 Qd6 10. Be3 Ng6 11. d4 Bb4 12. Qd3 Be6 13. Re2 Rad8 14. Rd1 Qe7 15. d5 cxd5 16. Nxd5 Bxd5 17. exd5 e4 18. Qb3 exf3 19. d6+ Qf7 20. Qxf7+ Kxf7 0-1

[Event "SVK-ch I137 corr"]
[Site "Slovakia"]
[Date "2001.??.??"]
[Round "?"]
[White "Dzugan, Pavol"]
[Black "Bruncko, Pavol"]
[Result "1-0"]
[WhiteElo "1881"]
[BlackElo "1789"]
[PlyCount "53"]
[EventDate "2001.??.??"]
[EventType "tourn (corr)"]
[EventRounds "12"]
[EventCountry "SVK"]
[SourceTitle "Corr 2002"]
[Source "ChessBase"]
[SourceDate "2002.05.23"]
[SourceVersion "1"]
[SourceVersionDate "2002.05.23"]
[SourceQuality "1"]

1. e4 c5 2. f4 d6 3. Nf3 Nc6 4. Nc3 g6 5. Bc4 Bg7 6. d3 e6 7. f5 Bxc3+ 8. bxc3 e5 9. Ng5 Nh6 10. 0-0 f6 11. Ne6 Bxe6 12. Bxh6 Bxc4 13. fxg6 hxg6 14. Bg7 Rh7 15. Bxf6 Qd7 16. dxc4 Ne7 17. Qd3 0-0-0 18. a4 Rf8 19. Rad1 Rd8 20. g3 Qc6 21. Bxe5 Kc7 22. Rf6 Nc8 23. Rxg6 Rhd7 24. Bf4 b6 25. e5 Kb7 26. e6 Re7 27. Bg5 1-0